India and English / (Record no. 206916)

MARC details
000 -LEADER
fixed length control field 00620nam a22002057a 4500
005 - DATE AND TIME OF LATEST TRANSACTION
control field 20241106161556.0
010 ## - LCCN (DPL NO)
LC control number ENG-142588
020 ## - INTERNATIONAL STANDARD BOOK NUMBER
Terms of availability 180.00
035 ## - SYSTEM CONTROL NUMBER
System control number EN-126120
037 ## - SOURCE OF ACQUISITION
Source of stock number/acquisition DBAD
082 ## - DEWEY DECIMAL CLASSIFICATION NUMBER
Classification number 425
Edition number First
100 ## - MAIN ENTRY--PERSONAL NAME
Personal name Chakkanattu, Dr.Raju
245 ## - TITLE STATEMENT
Title India and English /
Statement of responsibility, etc By Dr. Raju Chakkanattu
260 ## - PUBLICATION, DISTRIBUTION, ETC. (IMPRINT)
Place of publication, distribution, etc Kozhikode
Name of publisher, distributor, etc Parayanchery, Kuthiravattam
Date of publication, distribution, etc 2021
270 ## - ADDRESS
City Kozhikode
Address Parayanchery, Kuthiravattam (P.O.)
Postal code 673016
300 ## - PHYSICAL DESCRIPTION
Extent 182p.
Dimensions 21cm(Pb)
700 ## - ADDED ENTRY--PERSONAL NAME
Personal name Vidyarthi, V.R.
9 (RLIN) 73765
700 ## - ADDED ENTRY--PERSONAL NAME
Personal name Srinivasarao, potlapalli
9 (RLIN) 73766
942 ## - ADDED ENTRY ELEMENTS (KOHA)
Source of classification or shelving scheme Dewey Decimal Classification
Item type English Books
Classification part 425
Call number suffix CHA
Holdings
Withdrawn status Lost status Not for loan Collection code Home library Current library Date acquired Source of acquisition Cost, normal purchase price Full call number Barcode Copy number Cost, replacement price Koha item type
      Non-fiction Bawana Bawana 06/11/2024 DBAD 180.00 425 CHA EN-126120 1 180.00 English Books

© Delhi Public Library
Hit Counter
free hit counter